| 000 | 01079nam a22002417a 4500 | ||
|---|---|---|---|
| 005 | 20240530110512.0 | ||
| 008 | 151215s2013 ua abo g b 000 0 ara d | ||
| 017 |
_a2012/4502 _bمصر . دار الكتب المصرية |
||
| 020 | _a9789773279475 | ||
| 040 | _aEG-CaGPL | ||
| 082 | 0 | 4 |
_221 _a942.03\ _bف م |
| 100 | 0 | _aمحمد محمد عبدالحميد فرحات | |
| 245 | 1 | 0 |
_aفى تاريخ انجلترا : _bالعصور الوسطى / _cمحمد محمد عبدالحميد فرحات |
| 250 | _aط1 | ||
| 260 |
_aلاسكندرية : _bدار الوفاء لدنيا الطباعة و النشر ، _c2013 . |
||
| 300 |
_a187 ص : _bصور ، خرائط ؛ _c24 سم + _eملاحق . |
||
| 504 | _aيشتمل على ارجاعات ببليوجرافية | ||
| 600 | 0 | 4 | _aالامبراطورة ماتيلدا |
| 651 | 0 | 4 |
_aبريطانيا _xتاريخ _yالعصر النورماندى ( 1066 م - 1154 م ) |
| 651 | 0 | 4 |
_aبريطانيا _xتاريخ _xالامبراطورة ماتيلدا |
| 942 |
_2ddc _cBK |
||
| 999 |
_c61705 _d61705 |
||